Power and influence : (Record no. 19032)

MARC details
000 -LEADER
fixed length control field 00958nam a22002654a 4500
005 - DATE AND TIME OF LATEST TRANSACTION
control field 20081027152352.0
008 - FIXED-LENGTH DATA ELEMENTS--GENERAL INFORMATION
fixed length control field 080325s2007 nyu 001 0 eng
010 ## - LCCN (DPL NO)
LC control number ENG-91789
020 ## - INTERNATIONAL STANDARD BOOK NUMBER
International Standard Book Number 9780070223677
Terms of availability 475.00
020 ## - INTERNATIONAL STANDARD BOOK NUMBER
International Standard Book Number 007022367X
Terms of availability 475.00
035 ## - SYSTEM CONTROL NUMBER
System control number EN-75322
037 ## - SOURCE OF ACQUISITION
Source of stock number/acquisition DBAD / PUB
040 ## - CATALOGING SOURCE
Original cataloging agency dpl
Language of cataloging English
082 ## - DEWEY DECIMAL CLASSIFICATION NUMBER
Classification number 650.1
100 ## - MAIN ENTRY--PERSONAL NAME
Personal name Dilenschneider, Robert L.
245 ## - TITLE STATEMENT
Title Power and influence :
Remainder of title the rules have changed /
Statement of responsibility, etc by Robert L. Dilenschneider.
260 ## - PUBLICATION, DISTRIBUTION, ETC. (IMPRINT)
Place of publication, distribution, etc New Delhi
Name of publisher, distributor, etc Tata McGraw-Hill Publishing
Date of publication, distribution, etc 2008
300 ## - PHYSICAL DESCRIPTION
Extent xii, 210 p. ;
Dimensions 22 cm (Hb)
500 ## - GENERAL NOTE
General note Includes index.
650 ## - SUBJECT ADDED ENTRY--TOPICAL TERM
Topical term or geographic name as entry element Success in business.
650 ## - SUBJECT ADDED ENTRY--TOPICAL TERM
Topical term or geographic name as entry element Influence (Psychology)
650 ## - SUBJECT ADDED ENTRY--TOPICAL TERM
Topical term or geographic name as entry element Control (Psychology)
942 ## - ADDED ENTRY ELEMENTS (KOHA)
Source of classification or shelving scheme Dewey Decimal Classification
Item type English Books
Classification part 650.1
Call number suffix DIL
Holdings
Withdrawn status Lost status Source of classification or shelving scheme Damaged status Not for loan Collection code Home library Current library Date acquired Source of acquisition Cost, normal purchase price Total Checkouts Full call number Barcode Date last seen Copy number Cost, replacement price Koha item type
    Dewey Decimal Classification   Not For Loan Non-fiction D.B.Act.Division D.B.Act.Division 24/11/2008 DBAD / PUB 475.00   650.1 DIL EN-75322 24/11/2008 1 475.00 English Books

© Delhi Public Library
Hit Counter
free hit counter